Jurassic World Evolution 2 Dinosaurs - Statistics

General Stats
  • This quiz has been taken 20 times
  • The average score is 66 of 122
Answer Stats
Hint Answer % Correct
Herbivorous Ankylosaurus
86%
Piscivorous Mosasaurus
86%
Herbivorous Triceratops
86%
Carnivorous Allosaurus
79%
Herbivorous Apatosaurus
79%
Piscivorous Baryonyx
79%
Herbivorous Brachiosaurus
79%
Carnivorous Compsognathus
79%
Hybrids Indominus Rex
79%
Hybrids Indoraptor
79%
Piscivorous Quetzalcoatlus
79%
Piscivorous Spinosaurus
79%
Piscivorous Suchomimus
79%
Carnivorous Velociraptor
79%
Carnivorous Acrocanthosaurus
71%
Carnivorous Albertosaurus
71%
Carnivorous Atrociraptor
71%
Carnivorous Carnotaurus
71%
Carnivorous Dilophosaurus
71%
Piscivorous Dimorphodon
71%
Herbivorous Kentrosaurus
71%
Herbivorous Parasaurolophus
71%
Piscivorous Pteranodon
71%
Carnivorous Pyroraptor
71%
Carnivorous Tyrannosaurus Rex
71%
Carnivorous Ceratosaurus
64%
Carnivorous Coelophysis
64%
Herbivorous Diplodocus
64%
Herbivorous Dreadnoughtus
64%
Herbivorous Gallimimus
64%
Carnivorous Giganotosaurus
64%
Herbivorous Iguanodon
64%
Carnivorous Majungasaurus
64%
Piscivorous Megalodon
64%
Herbivorous Nasutoceratops
64%
Piscivorous Plesiosaurus
64%
Herbivorous Amargasaurus
57%
Herbivorous Corythosaurus
57%
Carnivorous Dimetrodon
57%
Herbivorous Edmontosaurus
57%
Piscivorous Elasmosaurus
57%
Piscivorous Kronosaurus
57%
Herbivorous Mamenchisaurus
57%
Carnivorous Monolophosaurus
57%
Herbivorous Nigersaurus
57%
Piscivorous Nothosaurus
57%
Herbivorous Ouranosaurus
57%
Herbivorous Pachycephalosaurus
57%
Herbivorous Pentaceratops
57%
Herbivorous Sinoceratops
57%
Hybrids Spinoceratops
57%
Herbivorous Stegosaurus
57%
Herbivorous Therizinosaurus
57%
Herbivorous Torosaurus
57%
Carnivorous Troodon
57%
Piscivorous Tylosaurus
57%
Herbivorous Camarasaurus
50%
Herbivorous Chasmosaurus
50%
Carnivorous Cryolophosaurus
50%
Piscivorous Dunkleosteus
50%
Herbivorous Euoplocephalus
50%
Carnivorous Herrerasaurus
50%
Piscivorous Ichthyosaurus
50%
Piscivorous Liopleurodon
50%
Herbivorous Lystrosaurus
50%
Herbivorous Maiasaura
50%
Carnivorous Metriacanthosaurus
50%
Herbivorous Minmi
50%
Carnivorous Oviraptor
50%
Herbivorous Pachyrhinosaurus
50%
Herbivorous Polacanthus
50%
Carnivorous Scorpios Rex
50%
Hybrids Spinoraptor
50%
Herbivorous Stygimoloch
50%
Piscivorous Tapejara
50%
Carnivorous Tarbosaurus
50%
Piscivorous Tropeognathus
50%
Carnivorous Utahraptor
50%
Carnivorous Yutyrannus
50%
Herbivorous Alamosaurus
43%
Hybrids Ankylodocus
43%
Herbivorous Archaeornithomimus
43%
Piscivorous Archelon
43%
Piscivorous Attenborosaurus
43%
Carnivorous Carcharodontosaurus
43%
Piscivorous Cearadactylus
43%
Herbivorous Chungkingosaurus
43%
Carnivorous Concavenator
43%
Herbivorous Crichtonsaurus
43%
Carnivorous Deinocheirus
43%
Carnivorous Deinonychus
43%
Herbivorous Dracorex
43%
Herbivorous Dryosaurus
43%
Carnivorous/Herbivorous Gigantoraptor
43%
Herbivorous Gigantspinosaurus
43%
Herbivorous Homalocephale
43%
Piscivorous Maaradactylus
43%
Herbivorous Microceratus
43%
Herbivorous Muttaburrasaurus
43%
Herbivorous Nodosaurus
43%
Herbivorous Olorotitan
43%
Carnivorous Proceratosaurus
43%
Herbivorous Sauropelta
43%
Carnivorous Segisaurus
43%
Piscivorous Shonisaurus
43%
Carnivorous Sinosauropteryx
43%
Herbivorous Struthiomimus
43%
Herbivorous Styracosaurus
43%
Piscivorous Styxosaurus
43%
Herbivorous Tsintaosaurus
43%
Herbivorous Wuerhosaurus
43%
Piscivorous Dsungaripterus
36%
Piscivorous Geosternbergia
36%
Herbivorous Huayangosaurus
36%
Carnivorous/Insectivorous Jeholopterus
36%
Carnivorous Moros Intrepidus
36%
Hybrids Stegoceratops
36%
Carnivorous Australovenator
29%
Carnivorous Megalosaurus
29%
Carnivorous Qianzhousaurus
29%
Piscivorous Thanatosdrakon
29%
Piscivorous Barbaridactylus
21%
No matching quizzes found
Score Distribution
Percent of People with Each Score
Percentile by Number Answered
Your Score History
You have not taken this quiz